| Поле | Инд. | ПП | Название | Значение |
|---|---|---|---|---|
| Тип записи | a | |||
| Библиографический уровень | b | |||
| 001 | Контрольный номер | RU/IS/BASE/161701715 | ||
| 005 | Дата корректировки | 20200706225408.4 | ||
| 008 | Кодируемые данные | 20050214 | ||
| 084 | a | Индекс другой классификации/Индекс ББК | 60.561.9(2Рос)-42; 74.484.7(2Рос); 60.55-42 | |
| 100 | 1_ | a | Автор | Леонтьева Э. О. |
| q | Полное имя | Леонтьева Эльвира Октавовна | ||
| 245 | 10 | a | Заглавие | Образование с изнанки: опыт пилотажного исследования "теневых" отношений в вузе |
| 520 | 0_ | a | Аннотация | В статье имеется в виду, прежде всего, обобщенный образ среднестатистического провинциального государственного вуза, приобретшего статус университета или академии в постперестроечный период, поясняет автор. Исследуются социальные сети, обеспечивающие воспроизводство теневых отношений в вузе. Выделены разделы: "Участники взаимодействия и механизм работы теневых сетей в вузе", "Социальные портреты: участники взаимодействия глазами студентов" |
| 650 | 04 | a | Основная рубрика | высшее образование |
| a | Основная рубрика | образование | ||
| a | Основная рубрика | профессиональное образование | ||
| a | Основная рубрика | социология | ||
| a | Основная рубрика | социология образования | ||
| a | Основная рубрика | социология организаций | ||
| 653 | 0_ | a | Ключевые слова | взяточничество |
| a | Ключевые слова | высшие учебные заведения | ||
| a | Ключевые слова | Россия | ||
| a | Ключевые слова | теневые взаимодействия | ||
| a | Ключевые слова | учебные заведения | ||
| 773 | 18 | t | Заглавие источника | Социологические исследования |
| d | Дата издания источника | 2004 | ||
| g | Прочая информация | № 12. - С. 121 - 129 | ||
| w | Контрольный № источника | RU/IS/BASE/157478772 | ||
| 901 | t | Тип документа | b |